| 000 | 01170cam a22003613a 4500 | ||
|---|---|---|---|
| 001 | 0000715 | ||
| 003 | DO-SdBNP | ||
| 005 | 20171110113619.0 | ||
| 007 | 0000715 | ||
| 008 | 861112 2009 sp ac 000 0 spa d | ||
| 010 | _a | ||
| 020 | _a8487922333 | ||
| 040 |
_aBPMSU _cspa _dBPMSU _d |
||
| 082 | 4 |
_a617.6 _bB298p |
|
| 100 | 1 | _aBascones Martínez, Antonio | |
| 245 | 1 | 0 |
_aPeriodoncia clínica e implantología oral / _cAntonio Bascones Martínez ; prólogo de Manuel Alfonso Villa Vigil. |
| 260 | 0 |
_aBarcelona : _bLexus, _c2009. |
|
| 300 |
_a688 p. : _bil., retratos _c28 cm. |
||
| 490 | 1 | _aEdiciones avances | |
| 500 | _aIncluye índice alfabético. | ||
| 504 | _aIncluye bibliografía al final de los capítulos | ||
| 505 | 2 |
_tConceptos básicos -- _tClínica y diagnóstico -- _tTratamiento -- _tImplantología -- |
|
| 600 |
_a _x |
||
| 650 | 4 | _aODONTOLOGÍA | |
| 650 | 4 | _aPERIODONCIA | |
| 650 | 4 | _aIMPLANTES DENTARIOS | |
| 700 | 1 | 2 |
_aVilla Vigil, Manuel Alfonso _epról. |
| 830 | 0 | _aEdiciones avances | |
| 910 | _aValidado. Control de calidad MFF | ||
| 942 |
_2ddc _cBK |
||
| 945 | _aInventariado, 2017/MFF | ||
| 956 |
_2YLOCKWARD _310 _8BPMSU |
||
| 999 |
_c11540 _d11540 |
||